| 000 | 01168 a2200265 4500 | ||
|---|---|---|---|
| 003 | OSt | ||
| 005 | 20180116192351.0 | ||
| 008 | 120601t xxu||||| |||| 00| 0 eng d | ||
| 020 | _a145053371X (paperback) | ||
| 020 | _a9781450533713 (paperback) | ||
| 040 | _c0 | ||
| 082 | 0 | 4 | _a745.61095 |
| 100 | 1 |
_aSalman Ahmad _93517 |
|
| 245 | 1 | 4 |
_aThe legend of sadequain : _brenaissance of calligraphic art in pakistan / _cDr. Salman Ahmad. |
| 260 |
_aSan Diego : _bCreateSpace, _c2010. |
||
| 300 |
_a242 p. : _bill; _c26 cm. |
||
| 520 | _aThe book is a collection of Sadequain's calligraphic masterpieces. It contains over 160 images of stunning calligraphies, that helped set the vogue of calligraphic art. In addition the book contains insightful information on Sadequain's life and work. | ||
| 650 | 1 | 0 |
_aCalligraphy _93518 |
| 650 | 1 | 0 |
_aCalligraphy _xJuvenile literature _93519 |
| 650 | 1 | 0 |
_aCalligraphy _xTechnique _93520 |
| 710 | 0 |
_aSadequain Foundation _93521 |
|
| 856 | 4 | 0 |
_3Amazon.com _uhttp://www.amazon.com/exec/obidos/ASIN/145053371X/chopaconline-20 |
| 942 |
_aSADA _cBK _k745.61095 SAL 2010 _2ddc |
||
| 999 |
_c352940 _d352940 |
||